ბათუმის შოთა რუსთაველის სახელმწიფო უნივერსიტეტის ბიბლიოთეკა

რეგიონული ეკონომიკა : (სახელმძღვ. ბაკალავრებისათვის) / (ბიბ.ჩანაწერი № 59001)

000 -ლიდერი
ფიქსირებული სიგრძის საკონტროლო ველი 01479nam a22002537a 4500
003 - საკონტროლო ნომრის იდენტიფიკატორი
საკონტროლო ველი Ge_BSU
005 - ბოლო ოპერაციის თარიღი და დრო
საკონტროლო ველი 20221028124201.0
008 - ფიქსირებული სიგრძის მონაცემთა ელემენტები - ზოგადი ინფორმაცია
ფიქსირებული სიგრძის საკონტროლო ველი 221028s2010 ge ||||| |||| 00| 0 geo d
020 ## - წიგნის საერთაშორისო სტანდარტული ნომერი
International Standard Book Number 9789941024399
041 ## - ენის კოდი
Language code of text/sound track or separate title geo
080 ## - უნივერსალური ათობითი კლასიფიკაციის ინდექსი
Universal Decimal Classification number 332.1(075.8) რ-35
100 ## - მთავარი ჩანაწერი - პიროვნების სახელი
Personal name ბარათაშვილი, ევგენი
9 (RLIN) 734
245 ## - ცნობა სათაურის შესახებ
Title რეგიონული ეკონომიკა : (სახელმძღვ. ბაკალავრებისათვის) /
Statement of responsibility, etc ევგენი ბარათაშვილი, ნაირა გალახვარიძე, ნოდარ გრძელიშვილი, ნანა ნადარეიშვილი ; [რედ.: გურამ ჯოლია, შოთა ვეშაპიძე].
264 ## - წარმოების, გამოცემის, დისტრიბუციის და სხვა ცნობები
გამოცემის, წარმოების, დისტრიბუციის... ადგილი თბილისი,
გამოცემის, წარმოების, დისტრიბუციის... თარიღი 2010.
300 ## - ფიზიკური აღწერა
Extent 362 გვ. ;
Other physical details 20 სმ.
504 ## - BIBLIOGRAPHY, ETC. NOTE
Bibliography, etc ბიბლიოგრ.: გვ. 344-346.
653 ## - INDEX TERM--UNCONTROLLED
Uncontrolled term რეგიონული ეკონომიკა
700 ## - ADDED ENTRY--PERSONAL NAME
Personal name გალახვარიძე, ნაირა
Relator term ავტორი
9 (RLIN) 7238
700 ## - ADDED ENTRY--PERSONAL NAME
Personal name გრძელიშვილი, ნოდარ
Relator term ავტორი
9 (RLIN) 4965
700 ## - ADDED ENTRY--PERSONAL NAME
Personal name ნადარეიშვილი, ნანა
Relator term ავტორი
9 (RLIN) 15628
700 ## - ADDED ENTRY--PERSONAL NAME
Personal name ჯოლია, გურამ
Relator term რედაქტორი
9 (RLIN) 15629
700 ## - ADDED ENTRY--PERSONAL NAME
Personal name ვეშაპიძე, შოთა
Relator term რედაქტორი
9 (RLIN) 15630
942 ## - ADDED ENTRY ELEMENTS (KOHA)
Source of classification or shelving scheme
Koha item type წიგნი
ეგზემპლარები
ჩამოწერის სტატუსი დაკარგული ეგზემპლარის სტატუსი კლასიფიკაციის წყარო ან თაროზე გაწყობის სქემა დაზიანების სტატუსი არ გაიცემა მუდმივი მდებარეობა (დაცვის ადგილი) ამჟამინდელი ადგილსამყოფელი თაროზე განთავსების ადგილი შეძენის თარიღი ღირებულება, შესყიდვის ნორმალური ფასი სრული შენახვის შიფრი შტრიხკოდი ბოლო ოპერაციის თარიღი ეგზემპლარის მიმდევრობითი ნომერი (კეტერი?) ფასის ძალაში შესვლის თარიღი ეგზემპლარის სახეობა საჯარო შენიშვნა
          ბათუმის შოთა რუსთაველის სახელმწიფო უნივერსიტეტის მთავარი ბიბლიოთეკა ბათუმის შოთა რუსთაველის სახელმწიფო უნივერსიტეტის მთავარი ბიბლიოთეკა წიგნსაცავი 2022-10-28 12.00 332.1(075.8) რ-35 28809 2022-10-28 28809 2022-10-28 წიგნი 12 ლ.